[Event "Tan Chin Nam Cup 6th"]
[Site "Beijing"]
[Date "2000.07.11"]
[Round "3"]
[White "Adianto, Utut"]
[Black "Dreev, Alexey"]
[Result "0-1"]
[WhiteElo "2583"]
[BlackElo "2676"]
[Annotator "Lutz,C"]
[PlyCount "114"]
[EventDate "2000.07.03"]
[EventType "tourn"]
[EventRounds "9"]
[EventCountry "CHN"]
[EventCategory "16"]
[SourceTitle "CBM 078"]
[Source "ChessBase"]
[SourceDate "2000.10.18"]
[SourceVersion "1"]
[SourceVersionDate "2000.10.18"]
[SourceQuality "1"]

1. d4 d5 2. c4 c6 3. Nc3 Nf6 4. Nf3 e6 5. Qb3 dxc4 6. Qxc4 b5 7. Qb3 Nbd7 8.
Bg5 Be7 9. Bxf6 Nxf6 10. g3 {Die Stellung hat eine gewisse Ähnlichkeit mit dem
Katalanen (1.d4 Nf6 2.c4 e6 3.g3 d5 4.Nf3 Be7 5.Bg2 0-0 6.0-0 dxc4 7.Qc2 a6 8.
Qxc4 b5 9.Qc2 Bb7 Nbd7 10.Bxf6 etc., ECO-Code E05), allerdings in einer
schlechteren Version für Weiß.} Bb7 11. Bg2 O-O 12. O-O a6 13. Rfd1 Qc7 14. Ng5
c5 15. dxc5 Bxg2 16. Kxg2 Qxc5 17. Nce4 Qf5 18. Nxf6+ (18. Qf3 h6 $1 19. Nxf6+
Bxf6 20. Qxf5 exf5 21. Nf3 Bxb2) 18... Bxf6 19. Nf3 Rac8 $15 {In
vergleichbaren Stellungen im Katalanen hat Weiß eine bessere Figurenstellung.
Meistens hat Weiß schon die c-Linie besetzt. In dieser Stellung hat Weiß wegen
des Drucks gegen b2 jedoch schon Probleme.} 20. Rac1 Qe4 21. Rxc8 Rxc8 22. Rd2
g5 $1 23. h3 h5 24. Qd3 Qxd3 25. exd3 Kg7 26. d4 $2 {Vielleicht sollte Weiß
diesen Bauern nicht vorrücken, denn er geht bald verloren.} (26. g4 $5 $15 {
/\ Kg2-f1-e2}) 26... Rd8 27. g4 Kg6 28. b3 Rd5 29. Kf1 Bg7 30. Ke2 hxg4 31.
hxg4 f5 32. gxf5+ exf5 33. Rc2 (33. Ke3 $5) 33... g4 34. Rc6+ Kh5 35. Ne1 Bxd4
36. Nd3 Kg5 37. Rxa6 f4 38. f3 g3 39. Ra8 Be3 40. Rg8+ Kf6 41. Rg4 Kf5 42. Rg8
b4 43. Rf8+ Kg5 44. Rg8+ Kf6 45. Rg4 Rd4 46. Rg8 Rd6 47. Rg4 Kf5 48. Rg8 Rh6
49. Rf8+ Kg5 50. Ne1 Rh2+ 51. Kd3 Bf2 52. Rg8+ Kf6 53. Rf8+ Kg6 54. Re8 Bxe1
55. Rxe1 Rf2 56. Kc4 Rxf3 57. Kxb4 g2 0-1

[Event "RUS-ch 56th"]
[Site "Krasnoyarsk"]
[Date "2003.09.08"]
[Round "5"]
[White "Potkin, Vladimir"]
[Black "Grischuk, Alexander"]
[Result "0-1"]
[WhiteElo "2518"]
[BlackElo "2732"]
[Annotator "Lutz,C"]
[PlyCount "70"]
[EventDate "2003.09.03"]
[EventType "swiss"]
[EventRounds "9"]
[EventCountry "RUS"]
[SourceTitle "CBM 098"]
[Source "ChessBase"]
[SourceDate "2004.02.03"]
[SourceVersion "1"]
[SourceVersionDate "2004.02.03"]
[SourceQuality "1"]

1. d4 {Ftacnik} Nf6 2. c4 e6 3. Nf3 d5 4. Nc3 c6 5. Bg5 h6 6. Bh4 dxc4 7. e4 g5
8. Bg3 b5 9. Be2 Bb7 10. h4 g4 11. Ne5 Rg8 12. Nxg4 Nbd7 13. Nxf6+ Nxf6 (13...
Qxf6 $5 14. Bf3 e5 15. d5 Bc5 16. h5 Bd4 17. Bh4 Qd6 18. dxc6 Bxc6 19. O-O a6
20. a4 b4 21. Ne2 a5 22. Qc1 Qe6 23. Rd1 Bb6 24. Ng3 Rxg3 25. Bxg3 Bd4 26. Rxd4
exd4 27. Qd2 d3 28. b3 Nc5 29. bxc4 Nb3 30. Qxd3 Nxa1 31. Qb1 Qf6 32. e5 Qe6
33. Bxc6+ Qxc6 34. Qxa1 O-O-O {0-1 Komljenovic,D-Korneev,O/Sevilla 2003/CB07 
(46)}) 14. Bf3 b4 $146 {Ftacnik: 'This extremely sharp system requires
enterprising attitude from both players, the arising positions are often very
unusual. '  Bislang wurde hier 14...Qb6 gespielt, was jedoch zu Problemen für
Schwarz führt. Wegen dieses Zuges und früherer Abweichungen siehe meine
Kommentare zu Shulman-Novikov (Buenos Aires ) im CBM 97. Ob Grischuks Zug eine
Verbesserung ist, bleibt angesichts der weißen Möglichkeit im 20. Zug fraglich.
} (14... Qb6 15. Qd2 Rd8 (15... h5 16. O-O Rd8 17. Ne2 c5 18. d5 exd5 19. exd5
Bxd5 20. Qf4 Bxf3 21. Qxf3 Rd3 22. Qf4 Be7 23. Rfe1 Nd5 24. Qe5 Qb7 25. Qxh5
$36 {1-0 Rogozenko,D-Cosma,I/Sovata 2001/EXT 2003 (41)}) 16. Qf4 Bg7 17. Rd1
$36 c5 $2 (17... Qa5 18. a3) 18. dxc5 $16 {1-0 Shulman,Y-Novikov,I/Buenos
Aires 2003/CBM 97/[Lutz] (40)}) 15. Ne2 c5 {Das ist die Idee: Das weiße
Zentrum soll sofort angeknackt werden.} 16. d5 Qd7 {Schwarz kann den Pd5 nicht
gut nehmen:} (16... exd5 17. exd5 (17. e5 Ne4) 17... Bxd5 (17... Nxd5 18. Qa4+
Qd7 19. Qxd7+ Kxd7 20. O-O-O $18) 18. Qa4+ Qd7 (18... Ke7 19. O-O-O $18) 19.
Qxd7+ Kxd7 20. O-O-O Kc6 21. Rxd5 Nxd5 22. Nf4 Rd8 23. Nxd5 $16) 17. O-O O-O-O
{[%csl Rb7,Rb8,Rc7][%cal Yg3b8,Yf3b7] Das Problem für Schwarz ist natürlich
sein König. der von den weißen Läufern angepeilt wird.} 18. Qc1 {[%cal Yc1f4]}
exd5 19. Qf4 {Ftacnik: 'An excellent strategical solution, the black king is
feeling very insecure.'} Qc6 (19... Rxg3 $5 20. Nxg3 $16 {Ftacnik}) 20. exd5 $2
{Hier geht Weiß an einer großen Chance vorbei.} (20. Rfd1 $1 {sieht gut aus,
da Schwarz die Spannung im Zentrum nicht lösen kann. Weiß hat deutlichen
Vorteil.} Rxg3 (20... d4 21. Qb8+ Kd7 22. Nxd4 Rxb8 23. Nxc6+ Kxc6 24. Bxb8 $18
) (20... Qb6 21. exd5 Bxd5 22. Bxd5 Rxd5 23. Rxd5 Nxd5 24. Qxf7 $18) 21. Nxg3
$16) (20. Rad1 $1 {Ftacnik} Rxg3 (20... Nd7 21. exd5 Qb6 22. Rfe1 $18) (20...
Qb6 21. exd5 Bxd5 22. Bxd5 Rxd5 23. Rxd5 Nxd5 24. Qxf7 Ne7 25. Rd1 $18) 21.
Nxg3 d4 22. e5 Nd5 23. Qxf7 $16) 20... Nxd5 21. Qb8+ {Ftacnik: 'This seemingly
very good solution is winning an exchange, but black will get excellent
compensation.'  Das nun entstehende Endspiel hat Weiß wohl falsch eingeschätzt.
Ohne Damen spielt die gefährdete schwarze Königsstellung keine große Rolle
mehr.} (21. Bxd5 $5 Rxd5 22. Qb8+ Kd7 23. Nf4 Rd4 24. Rad1 $13) (21. Bg4+ {
Ftacnik} Rxg4 22. Qxg4+ Qe6 23. Qxe6+ fxe6 24. Be5 $14) (21. Qxf7 $5 {Ftacnik}
Be7 22. Qf5+ Qd7 23. Qc2 Nb6 24. Rad1 $16) 21... Kd7 22. Bxd5 Rxb8 $1 (22...
Qxd5 23. Qc7+ Ke8 24. Nf4 Qd7 25. Rfe1+ Be7 26. Qxc5 $40) 23. Bxc6+ Bxc6 24.
Rfd1+ (24. Bxb8 $2 Rxg2+ $19) 24... Kc8 25. Bxb8 Kxb8 26. Ng3 Kc7 $36 {Jetzt
wird klar, dass Weiß mit Zitronen gehandelt hat. Das schwarze Läuferpaar in
Verbindung mit der Bauernmasse am Damenflügel ist eine Macht.} 27. a3 $6 b3 28.
Rac1 Rg4 29. Nf5 Rxg2+ 30. Kf1 Rg4 31. Ke2 Rf4 32. Ne3 Bf3+ 33. Ke1 Rxh4 34.
Rd2 Rh1+ 35. Nf1 Bd6 0-1

[Event "EU-Cup 18th"]
[Site "Kallithea"]
[Date "2002.09.26"]
[Round "5.5"]
[White "Ivanov, Sergey"]
[Black "Korobov, Anton"]
[Result "0-1"]
[WhiteElo "2561"]
[BlackElo "2534"]
[Annotator "Lutz,C"]
[PlyCount "46"]
[EventDate "2002.09.22"]
[EventType "team-swiss"]
[EventRounds "7"]
[EventCountry "GRE"]
[SourceTitle "CBM 092"]
[Source "ChessBase"]
[SourceDate "2003.02.06"]
[SourceVersion "1"]
[SourceVersionDate "2003.02.06"]
[SourceQuality "1"]
[WhiteTeam "St Petersburg"]
[BlackTeam "Momot Alexander"]
[WhiteTeamCountry "RUS"]
[BlackTeamCountry "UKR"]

1. d4 e6 2. c4 d5 3. Nc3 c6 4. Nf3 Nf6 5. Bg5 h6 6. Bh4 dxc4 7. e4 g5 8. Bg3 b5
9. Be2 Bb7 10. h4 g4 11. Ne5 Nbd7 $5 {Dieser seltene Zug kam bislang
ausschließlich in Partien des russischen Spielers Valery Shalimov vor. Ähnlich
wie nach 11...Rg8 hat Schwarz nichts dagegen, seinen Mehrbauern sofort wieder
zurückzugeben.} (11... h5) (11... Rg8) 12. O-O $6 {Ich denke, dass Weiß den
Bauern auf g4 in irgendeiner Form nehmen sollte.} (12. Nxd7 $5 {erscheint
aussichtsreich:} Qxd7 13. Be5 Bg7 14. Bxg4 Rd8 15. Bh3 O-O 16. Qe2 Qe7 17.
O-O-O a6 18. g4 $16 {1-0 Pavlov,A-Shalimov,V/St Petersburg 2000/EXT 2001 (31)})
(12. Bxg4 Rg8 13. Nxd7 (13. Bf3 Rxg3 $1 14. fxg3 Nxe5 15. dxe5 Nd7 16. O-O Nxe5
$44 {0-1 Borovikov,V-Shalimov,V/Alushta 2000/EXT 2001 (36) Schwarz hat
genügend Kompensation für die Qualität, da die weiße Bauernstruktur entwertet
ist und er über einen 'ewigen' Springer auf e5 verfügt.}) 13... Qxd7 14. Bf3 c5
$5 (14... b4 $2 15. Na4 $16 {Shchekachev,A-Shalimov,V/St Petersburg 1999/CBM
74/[Lutz] (33)}) (14... O-O-O 15. a4 a6 16. Be5 Ne8 17. axb5 cxb5 18. d5 Qe7
19. Qe2 Bg7 20. Bg3 Bd4 21. O-O-O Qc5 22. dxe6 fxe6 $13 {1/2-1/2 Ivanov,
S-Shalimov,V/St Petersburg 2000/EXT 2001 (30)}) (14... Rxg3 15. fxg3 O-O-O 16.
e5 $16) 15. dxc5 (15. Be5 cxd4 16. Qxd4 (16. Bxf6 dxc3 17. Qxd7+ Kxd7 18.
O-O-O+ Ke8 $13) 16... Ng4 $13) 15... b4 16. Qxd7+ Kxd7 17. O-O-O+ Kc8 {, und
obwohl die schwarze Stellung verdächtig aussieht, kann ich nichts für Weiß
finden:} 18. Nb5 Nxe4 19. Rd4 (19. Rhe1 Nxc5) 19... Nxc5 20. Rxc4 Bxf3 21. gxf3
Kb7 22. Rd1 Rc8 $13) (12. Nxg4 b4 13. Nxf6+ Nxf6 14. Na4 Nxe4 15. Be5 Rg8 16.
Qc2 c5 17. O-O-O Qa5 18. Bf3 Rc8 19. Bxe4 b3 20. Qc3 Qxa4 21. axb3 Qa1+ 22. Kd2
Qa6 23. Ra1 Qb6 24. Bxb7 Qxb7 25. Qxc4 Be7 26. Qa6 $16 {1-0 Borovikov,
V-Shalimov,V/Kharkov 2000/EXT 2001 (52)}) 12... Nxe5 13. Bxe5 Rg8 14. Qc2 Nh5
15. g3 $2 ({Besser erscheint} 15. a4 $5 a6 16. Rfd1 {mit der Idee} Qxh4 17.
axb5 cxb5 18. Nxb5 axb5 19. Rxa8+ Bxa8 20. Bxc4 $13) 15... f6 16. Bxg4 {
Bereits eine Verzweiflungsaktion.} (16. Bf4 Nxf4 17. gxf4 Qxd4 {, und die
weiße Stellung liegt in Trümmern.}) 16... Rxg4 17. Qe2 f5 18. exf5 Qxh4 $19 {
Damit ist der Kampf entschieden.} 19. Bc7 Kd7 20. Qe5 Qf6 21. fxe6+ Qxe6 22.
Qxh5 Kxc7 23. Rfe1 Qg6 0-1

[Event "Lippstadt 11th"]
[Site "Lippstadt"]
[Date "2003.08.07"]
[Round "1"]
[White "Schenk, Andreas"]
[Black "Cyborowski, Lukasz"]
[Result "0-1"]
[WhiteElo "2491"]
[BlackElo "2550"]
[Annotator "Lutz,C"]
[PlyCount "70"]
[EventDate "2003.08.07"]
[EventType "tourn"]
[EventRounds "11"]
[EventCountry "GER"]
[EventCategory "9"]
[SourceTitle "CBM 097"]
[Source "ChessBase"]
[SourceDate "2003.11.11"]
[SourceVersion "1"]
[SourceVersionDate "2003.11.11"]
[SourceQuality "1"]

1. d4 {Konikowski} d5 2. c4 c6 3. Nf3 Nf6 4. Nc3 e6 5. Bg5 h6 6. Bh4 dxc4 7. e4
g5 8. Bg3 b5 9. Be2 Nh5 $5 {Ein seltener Zug, im Gegensatz zum normalen 9...
Bb7. Weiß hat mehrere direkte Versuche, die ungedeckte Stellung des Nh5
taktisch auszunutzen.} (9... Nbd7) (9... b4) (9... Bb4) 10. Bxb8 {'!?'
Konikowski. Weiß sucht die sofortige Widerlegung. Häufiger wurde 10.Be5
gespielt.} (10. Be5 Rg8 11. Bxb8 (11. Nxg5 Qxg5 12. Bxh5 Qxg2 13. Rf1 (13. Ke2
$2 b4 14. Bf3 Qg5 15. h4 Qd8 16. Na4 Nd7 17. Bf4 Ba6 18. Kf1 Qa5 19. Be2 e5 20.
dxe5 Nxe5 21. Bxe5 Qxe5 22. Qc2 Rd8 23. Re1 Qf4 24. Rd1 Rxd1+ 25. Bxd1 b3 {
0-1 Lipinsky,F-Godena,M/Saint Vincent 2000/CBM 74 ext (25)}) 13... Nd7 14. Bg3
Bb4 15. Qe2 Nf6 16. Bf3 Qh3 17. O-O-O Bb7 18. Qe3 Rg6 19. d5 Nd7 20. Ne2 Bc5
21. Qc3 e5 22. Ng1 Rxg3 23. hxg3 Qh2 24. Bg4 cxd5 25. exd5 Bd4 26. Rxd4 exd4
27. Re1+ Kd8 28. Qa5+ Nb6 29. Qb4 Nd7 30. Qe7+ {1-0 Savchenko,S-Rodgaard,J/
Torshavn 2000/CBM 78 ext (30)}) (11. d5 $5 b4 (11... Nf4 $5) 12. Nd4 Bg7 13.
Bxb8 Bxd4 14. Qxd4 Rxb8 15. Bxh5 bxc3 16. bxc3 cxd5 17. O-O g4 18. Rfd1 Rg5 19.
Qh8+ Ke7 20. Qxh6 Qg8 21. exd5 Rb5 22. f3 Rgxd5 23. Rxd5 Rxd5 24. Bxg4 Qg5 25.
Qxg5+ Rxg5 26. Rd1 Ra5 27. h4 f5 28. Bh3 f4 29. Bg4 Bb7 30. Rd4 Bd5 31. Rxf4
Rxa2 32. h5 Rb2 33. h6 Rb8 34. Bh5 Rh8 35. Rf7+ Kd6 36. h7 a5 37. Ra7 a4 38.
Bg6 Bc6 39. Bb1 e5 40. Bc2 Kc5 41. Ra5+ {1-0 Pedersen,S-Savchenko,S/Torshavn
2000/CBM 78 ext (41)}) 11... Rxb8 12. Ne5 Nf4 13. Nxc6 Qb6 14. Nxb8 Nxg2+ 15.
Kf1 Nf4 16. Bxc4 (16. a4 b4 17. Bxc4 bxc3 18. Bb5+ Ke7 19. Nc6+ Kf6 20. Ne5
cxb2 21. Rb1 a6 22. Bc4 Ba3 23. h4 Rd8 24. hxg5+ hxg5 25. Bd5 Kg7 26. Nc4 Qb4
27. Qg4 Rxd5 28. Nxa3 Qxa3 29. Qg3 Qa1 {0-1 Oll,L-Liiva,R/Tallinn 1998/EXT 99 
(29)}) 16... a6 17. Nxa6 bxc4 18. Qa4+ Kd8 19. Nc5 Bxc5 20. dxc5 Qxb2 21. Rd1+
Ke7 22. Qa5 Bb7 23. h4 Rc8 24. c6 Bxc6 25. Qe5 Qb8 26. Qc5+ Kf6 27. hxg5+ hxg5
28. Rg1 Qe5 29. Qxe5+ Kxe5 30. Rxg5+ f5 31. exf5 exf5 32. Rg3 Rh8 33. Ke1 Nd3+
34. Rgxd3 cxd3 35. Rxd3 f4 36. Ne2 Rh1+ 37. Kd2 Rh2 38. Ke1 Rh1+ 39. Kd2 Rh2
40. Ke1 {1/2-1/2 Borovikov,V-Rogic,D/Bled 2000/CBM 75 ext (40)}) (10. O-O $5
Nf4 11. Bxf4 gxf4 12. Qd2 Bb7 13. Qxf4 Nd7 14. Rad1 Qb8 15. Qh4 Be7 16. Qh5 Nf6
17. Qh3 Qf4 18. Ne5 h5 19. Qe3 Qh6 20. f4 Rc8 21. Qh3 Rd8 22. Kh1 a6 23. f5 Nd7
24. Nxf7 Kxf7 25. fxe6+ Ke8 26. exd7+ Rxd7 27. d5 cxd5 28. Nxd5 Bxd5 29. exd5
Kd8 30. a4 Qb6 31. axb5 axb5 32. b3 Rh6 33. bxc4 b4 34. Ra1 Kc7 35. c5 Bxc5 36.
Ra6 Qxa6 37. Bxa6 Rxa6 38. Qxh5 Rad6 39. Rd1 Re7 40. h3 Kb6 41. Qh8 Kb5 42.
Qb8+ Rb6 43. Qf4 Rd6 44. Qf1+ Kb6 45. Qc4 Rc7 46. Ra1 Kb7 47. Ra5 {1-0 Zhu
Chen-Cosma,E/Istanbul 2000/EXT 2001 (47)}) 10... Rxb8 11. Ne5 {Mit Angriff
gegen c6 und h5. Weiß gewinnt die Qualität, aber die Sache ist (zumindest in
einer praktischen Partie) noch nicht so einfach.} Nf4 12. Nxc6 Qb6 13. Nxb8
Nxg2+ 14. Kf1 Nh4 (14... Nf4 $5 {kommt ebenfalls stark in Betracht, analog zu
den Partien Oll,L-Liiva,R und Borovikov,V-Rogic,D (siehe Varianten nach 10.Be5)
.}) 15. Bxc4 (15. Nxb5 $142 $1 {Konikowski} Qxb5 16. Qb3 cxb3 17. Bxb5+ Kd8 18.
Nc6+ Kc7 19. Ne5 Bb7 20. Rc1+ (20. Bd3 f5 21. Ke2 fxe4 22. Rhc1+ Kb8 23. Nd7+
Ka8 24. Bxe4 Bxe4 25. Rc8+ Kb7 26. Rxf8 Rxf8 27. Nxf8 $18) 20... Kb6 21. Bd3
bxa2 22. Nd7+ Ka5 23. Ra1 Kb4 24. Rxa2 a5 25. Ke2 $18) 15... a6 $1 {Die
einzige Möglichkeit, um weiterzuspielen.} (15... bxc4 16. Qa4+ Ke7 17. Qxa7+
Qxa7 18. Nc6+ $18 {Weiß kann die Damen tauschen und sollte seine Mehrqualität
verwerten können.}) 16. Nxa6 bxc4 (16... Bxa6 17. Qb3 $18) 17. Qa4+ Kd8 (17...
Bd7 18. Qxc4 $18) 18. Nc5 Bxc5 19. dxc5 Qxb2 {Zeit für eine kurze
Zwischenbilanz: Weiß hat eine Qualität mehr, hat aber immer noch das Problem,
dass sein König schlecht steht und der Rh1 momentan schwächer ist als der Nh4.
In der Partie schafft es Weiß nicht, die praktischen Problem zu lösen, aber
vielleicht gibt es letztlich keine richtig überzeugende Lösung.} 20. Qd1+ Ke7
21. Qc1 {'?' Konikowski.} (21. Qd6+ $142 $1 {Konikowski} Kf6 (21... Ke8 22. Rd1
$18) 22. Qd4+ Kg6 23. Rb1 Qc2 24. Rd1 e5 25. Qe3 $18) 21... Qb4 22. Ke2 Rd8 23.
Rd1 {Damit hat Weiß seinen Turm aktiviert, aber das Problem des Königs bleibt.}
Rd3 $5 24. Rxd3 cxd3+ 25. Kxd3 Nf3 {Die schwarze Figuren sind hervorragend
koordiniert,} 26. Ke2 (26. Rb1 Qd4+ (26... Ne5+ 27. Kc2 Qxc5 28. Qe3 $16) 27.
Ke2 g4 28. Qc2 Ba6+ 29. Nb5 Qe5 $40) 26... Nxh2 27. f3 (27. Kd1 Ng4) 27... g4
$1 28. fxg4 Ba6+ 29. Kd1 Nf1 30. Kc2 {Ich habe Schwierigkeiten, eine klare
Verbesserung für Weiß in den vorangegegangenen oder folgenden Zügen anzugeben.
Meine Schlussfolgerung ist daher, dass das Qualitätsopfer Schwarz gute
Kompensation gibt.} (30. Ke1 Qd4) 30... Qd4 31. Qe1 Ne3+ 32. Kc1 Bd3 33. Qd2
Nc4 34. Qe1 Qxc5 35. a4 Qg5+ 0-1

[Event "Dortmund SuperGM"]
[Site "Dortmund"]
[Date "2000.07.07"]
[Round "1"]
[White "Kramnik, Vladimir"]
[Black "Akopian, Vladimir Eduardovic"]
[Result "1-0"]
[WhiteElo "2770"]
[BlackElo "2660"]
[Annotator "Lutz,C"]
[PlyCount "81"]
[EventDate "2000.07.07"]
[EventType "tourn"]
[EventRounds "9"]
[EventCountry "GER"]
[EventCategory "17"]
[SourceTitle "CBM 078"]
[Source "ChessBase"]
[SourceDate "2000.10.18"]
[SourceVersion "1"]
[SourceVersionDate "2000.10.18"]
[SourceQuality "1"]

1. Nf3 {Ftacnik} d5 2. d4 Nf6 3. c4 c6 4. Nc3 e6 5. Bg5 h6 6. Bh4 dxc4 7. e4 g5
8. Bg3 b5 9. Be2 Bb7 10. h4 g4 11. Ne5 h5 12. O-O Nbd7 13. Qc2 Nxe5 14. Bxe5
Bg7 $5 {Mit diesem Zug waren zuletzt die schwarzen Hoffnungen verbunden, die
gefährliche Khalifman-Variante 10.h4 zu entschärfen. Schwarz strebt die kurze
Rochade an. Im gegensatz dazu hatte Schwarz in der älteren Variante 14....Tg8
Probleme mit dem König gehabt.} 15. Rad1 (15. b3 $5 cxb3 16. axb3 O-O 17. Rad1
Nh7 18. Bxg7 Kxg7 19. g3 Rc8 20. f3 f5 21. exf5 exf5 22. fxg4 Qc7 23. Kh2 fxg4
24. Ne4 $44 Rce8 25. Bd3 Qe7 26. Nc5 Nf6 27. Rde1 Qxe1 28. Rxe1 Rxe1 29. Nxb7
Nd5 30. Qd2 Re3 31. Nd6 Kf6 32. Be4 Rxb3 33. Bxd5 cxd5 34. Qh6+ Ke7 35. Qg7+
Kxd6 36. Qxf8+ Kc6 {1-0 Goldin,A-Novikov,I/New York 2000/CBM 76 ext (36)})
15... O-O 16. Bg3 $5 {Dieser Zug erscheint gefährlicher als 16.f3. Weiß deckt
seine Karten am Königsflügel noch nicht sofort auf.} (16. f3 {1/2-1/2 Van Wely,
L-Lautier,J/Monaco 2000/CBM 75/[Lutz] (24) Lutz}) 16... Nh7 {'?!' Ftacnik.
Ftacnik: 'The knight moves in a wrong direction, it belongs to the center.'
Auf dem ersten Blick ist es nicht so leicht zu erkennen, welche Vorteile die
Springerstellung auf h7 (gegenüber d7) bietet. Aber Akopian plant ...f7-f5 und
dann verhindert der Sh7, dass Weiß ggf. seinen Springer nach g5 stellt.} (16...
Nd7 $5 {in Verbindung mit ...c6-c5 sieht nach einer sinnvollen Alternative aus.
} 17. e5 c5 (17... f5 18. exf6 Qxf6 $13) 18. Ne4 Bxe4 19. Qxe4 Qb6 20. d5 exd5
21. Qxd5 Rad8 22. Qe4 Nxe5 $1 23. Bxe5 Qe6 24. f4 gxf3 25. Rxd8 Rxd8 26. Qxf3
Bxe5 27. Qxh5 Bd4+ 28. Kh1 Rd5 29. Qf3 Re5 30. Bd1 Re3 31. Qa8+ Kg7 {0-1
Goldin,A-Khenkin,I/New York 2000/CBM 76 ext (31)}) 17. e5 f5 18. exf6 Qxf6 {
Jetzt will Schwarz am Königsflügel Gegenspiel suchen.} 19. f3 ({Kramnik gab
gemäß SCHACH 8/2000} 19. b3 $5 {zu bedenken. Dieser Zug hätten den Vorteil,
dass das Feld d3 für den Läufer geräumt werden würde.}) 19... Qf5 20. Qd2 Qg6
21. fxg4 hxg4 22. Qe3 Rf5 23. Ne4 c5 $1 {"Ehe er sich mit Ne4-c5 seinen Bb7
kaltstellen lässt, gibt Akopian den Merhbauern für aktives Spiel zurück." (R.
Tischbierek, SCHACH 8/2000)} 24. Nxc5 Bd5 25. a4 Raf8 26. axb5 Rf3 $1 {Ftacnik:
'Black comes up with a phantastic attacking idea, Kramnik has to play exact
moves. ' Der Höhepunkt der Partie, jetzt wird's taktisch.} 27. gxf3 gxf3 28.
Kh2 Nf6 $2 {Der entscheidende Fehler.} (28... Bh6 $1 {war richtig:} 29. Qe5 (
29. Qf2 Nf6 {"mit genügend schwarzen Gegenchancen" lt. Kramnik. In der Tat hat
Schwarz nach z.B.} 30. Bxf3 Bxf3 31. Qxf3 Ng4+ 32. Kh1 Rxf3 33. Rxf3 Qc2 34.
Re1 Qxb2 {wegen des offenen weißen Königs keine Probleme.}) (29. Qc3 Bf4 30.
Rg1 Ng5 31. Bxf4 Rxf4 32. Kg3 Rf5 {"und der schwarze Angriff dringt durch" 
(Kramnik/Tischbierek)}) 29... Bg7 30. Qe3 {mit Zugwiederholung wird von
Kramnik als das Beste für Weiß angegeben.} (30. Qc7 fxe2 31. Rxf8+ Nxf8 32. Re1
Bxd4 $40)) 29. Bxf3 Bxf3 30. Qxe6+ Kh8 31. Rxf3 $1 {Weiß gibt die Qualität
zurück, um den gefährlichen weißfeldrigen Läufer zu eliminieren.} Qc2+ 32. Rf2
Qxd1 {Ftacnik: 'The outcome of the combination is somewhat dangerous position
for white, but he has some extra material.'} 33. Kg2 Qxd4 34. Qe5 Qd5+ (34...
Nh7 35. Rxf8+ Nxf8 36. Qxd4 Bxd4 37. Na4 Nd7 38. Bf2 Bxf2 39. Kxf2 Kh7 40. Ke3
$18) 35. Qxd5 Nxd5 36. Rxf8+ Bxf8 37. Na4 {'!' Ftacnik. Ftacnik: 'This
original endgame is very dangerous for black, since white king is very strong
and pawn on a7 a perfect target. '} Bg7 38. Kf3 Nb6 39. Nxb6 axb6 40. Ke4 Bxb2
41. Kd5 {"Auf 41...c3 holt sich Weiß zunächst mit 42.Be5+ nebst Kc4 den
gegnerischen Pc3 ab, bevor er durch den Gewinn des b-Bauern selbst den
entscheidenden Freibauern bildet." (Tischbierek)} 1-0